| 000 | 00694cam a22002174a 4500 | ||
|---|---|---|---|
| 001 | 15036778 | ||
| 005 | 20250221115130.0 | ||
| 008 | 071002s2008 nyua b 001 0 eng | ||
| 020 | _a9781604560725 | ||
| 020 | _a160456072X | ||
| 050 | 0 | 0 |
_aHF5686.A36 _bA345 2008 |
| 082 | 0 | 0 |
_a332.7/10973 _222 |
| 245 | 0 | 0 |
_aAgricultural finance and credit / _cJonathan M. Bishoff, editor. |
| 260 |
_aNew York : _bNova Science Publishers, _cc2008. |
||
| 300 |
_axi, 106 p. : _bill. ; _c26 cm. |
||
| 650 | 0 |
_aAgriculture _zUnited States _xFinance. |
|
| 650 | 0 |
_aAgricultural credit _zUnited States. |
|
| 650 | 0 |
_aAgriculture _zUnited States _xAccounting. |
|
| 700 | 1 | _aBishoff, Jonathan M. | |
| 942 |
_2lcc _cBK _n0 |
||
| 999 |
_c4025 _d4025 |
||